000 00319pab a2200145 454500
008 180718b2005 xxu||||| |||| 00| 0 eng d
100 _aNagarajan, K.
245 _aBoss and employee morale
260 _c2005
300 _ap.43-45.
362 _aSep
650 _aEmployees
773 _aHRM Review
909 _a67290
999 _c67290
_d67290